00278nam a2200121Ia 450000500170000000800410001710000190005824500380007725000110011526000100012630000110013665000090014720260328104332.0260328s9999||||xx |||||||||||||| ||und|| aAzuela, Alicia 0aHechizo de Axaca /cAlicia Azuela a1a ed. bMarco a425 p. aARTE